000 00616nas a2200205 4500
001 BR8603489
003 BR-BrBNA
005 20231205090540.0
007 ta
008 230509b bl.|||p| |||| 00| 00por d
040 _aBR-BrBNA
_bpor
_cBiblioteca Nacional de Agricultura
041 _a(Pt)
072 _aF07
100 1 _aRocha, J.A.M. da
245 1 _aAplainamento de solos e o recurso do laserplane
650 _aNIVELAMENTO DA TERRA
773 0 _tLavoura Arrozeira (Brazil)
_xISSN 0023-9143
_g(Jul-Aug 1986), v. 39(366) p. 6-9
_wBR8603489
909 _a202311
_bLúcia
_c55
_dLúcia Elande
942 _2AGRIS
_n0
_cANA
999 _c119227
_d119227